000
00266nam a2200109Ia 4500
005
20251222155053.0
008
251222s9999||||xx |||||||||||||| ||spa||
082
_a
ANT.14
245
0
_a
Curanderismo y BrujerÃa en la costa peruana
264
_b
No tiene
942
_c
LIB
999
_c
37362
_d
37362